000
00355nam a2200145 a 4500
005
20140412111313.0
008
000818s19uu xx 00 eng d
020
_a
0-86611-868-3
050
_a
ER
_b
Li72
245
_a
Little boy blue.
260
_a
New York :
_b
Playmore, Inc.
300
_a
1 v. (unp.) ; ill.
650
_a
Boy-Fiction
999
_c
104090
_d
104090